000 00457nab a2200145Ia 4500
003 ES-SlBCS
005 20210601134321.0
008 140529s1962 xxu||||| |||| 00| 0 spa d
041 _aspa
100 1 _aVon Hippel, Ernst
_9216705
245 0 0 _aPositivismo e interpretación jurídica
_c Ernst Von Hippel
650 0 4 _aInterpretación Jurídica
_9216666
773 0 _tAnales de la Catedra Francisco Suarez
_gnº. 2, 1962, págs. 31-46
_wRev1020
942 _cAR
999 _c610855
_d610855